000 00569nam a2200217Ia 4500
003 OSt
005 20220928145022.0
006 a|||||r|||| 00| 0
007 ta
008 220927b |||||||| |||| 00| 0 eng d
024 _a78297
037 _cTextual
040 _aSDCL
_cSDCL
_beng
041 _2eng
_aeng
082 _aV3aN7, H5 RR
100 _aCheney C R Ed.
_9511270
245 0 _aHandbook of dates for students of English history.
260 _c1945
942 _hV3aN7, H5 RR
_cTEXL
_2CC
999 _c831515
_d831515